000 00788nam a2200181Ia 4500
008 090630s9999 xx 000 0 und d
082 _b14955
100 _aकेळकर आ. रा.
245 _aविद्युत जालव्युह विश्लेषण.
_cकेळकर आ. रा.
260 _bमहाराष्ट्र विद्यापीठ ग्रंथनिर्मिती मंडळ - नागपूर.
_c1980
300 _a448
600 _aकेळकर आ. रा.
630 _aविद्युत जालव्युह विश्लेषण.
655 _aइतर.
700 _aकेळकर आ. रा.
730 _aविद्युत जालव्युह विश्लेषण.
942 _cBOOK
999 _c266811
_d266811